000 01135nam a22003257a 4500
003 CHAP
005 20220329135628.0
008 971013s1995 r 00010 d
010 _a39611
011 _a40583
035 _a44709
040 _cCHAP
090 _aTesis
100 0 0 _aBalcazar Santoyo, Erick Víctor Hugo.
_99631
245 _aRelación entre pruebas de vigor de semillas de chile (Capsicum annuum L.) y su relación con el establecimiento en campo
260 _aChapingo, Méx. :
_bEl autor,
_c1995
300 _a61 h.
502 _aTesis (Ing. Agr. Esp. en Fitotecnia) -- UACH. Departamento de Fitotecnia
590 _aALEPH
_b10
_c20130110
_lUCH01
_h1307
590 _aBATCH-UPD
_b10
_c20130110
_lUCH01
_h1646
590 _aBATCH-UPD
_b10
_c20130410
_lUCH01
_h1036
590 _aBATCH-UPD
_b10
_c20130914
_lUCH01
_h0923
590 _aCONVERSION
_b10
_c20130109
_lUCH01
_h1322
650 1 4 _aChile (Botánica)
_xSemilla.
_922389
650 1 4 _aGerminación.
_947755
901 _aBK
942 _cFOLL
949 _bBC
_cTES
_d-102452
_eTS1
_h27919
_i44709
_si
949 _bBC
_cTES
_d33724000005054
_eTS2
_fc.2
_h27920
_i44709
_si
999 _c39611
_d39611